[Event "Top Jeunes"]
[Site "Montpellier"]
[Date "2010.11.21"]
[Round "3.6"]
[White "Ferrari, Louis"]
[Black "Marty, Pierre-Michel"]
[Result "1-0"]
[WhiteElo "1608"]
[BlackElo "1160"]
[PlyCount "73"]

1. c4 Nc6 2. Nc3 e5 3. Nf3 Nf6 4. g3 Bc5 5. Nxe5 Nxe5 6. d4 Nxc4 7. dxc5 d5 8.
Bg5 c6 9. Qc2 h6 10. Bf4 g5 11. Bd2 Be6 12. Bg2 b6 13. cxb6 Qxb6 14. b3 Nxd2
15. Qxd2 O-O-O 16. Rc1 Ne4 17. Nxe4 dxe4 18. Qc3 Rd6 19. Qxh8+ Rd8 20. Qc3 Bd5
21. O-O f6 22. Qxf6 e3 23. Bxd5 exf2+ 24. Qxf2 Qb5 25. Rxc6+ Kb8 26. Bg2 Qa5
27. Qc5 Qxc5+ 28. Rxc5 a6 29. Rfc1 Rd7 30. Bh3 Rg7 31. Rc8+ Kb7 32. Bg2+ Ka7
33. R1c7+ Kb6 34. Rxg7 Ka5 35. Rb8 g4 36. a3 h5 37. Rg5# 1-0

[Event "Top Jeunes"]
[Site "Montpellier"]
[Date "2010.11.21"]
[Round "3.7"]
[White "Willems, Niels"]
[Black "Hebert, Floriane"]
[Result "1-0"]
[WhiteElo "1670"]
[BlackElo "1419"]
[PlyCount "77"]

1. c4 e5 2. Nc3 Nc6 3. g3 Nf6 4. Bg2 Bb4 5. Nf3 d6 6. O-O Bg4 7. a3 Bxc3 8.
bxc3 Qd7 9. Re1 h6 10. Rb1 Rb8 11. d4 exd4 12. Nxd4 Nxd4 13. cxd4 b6 14. Qb3
O-O 15. Qb5 Qxb5 16. cxb5 Rfe8 17. e3 Ne4 18. f3 Bxf3 19. Bxf3 Ng5 20. Bc6 Re7
21. h4 Ne6 22. a4 Nxd4 23. Bg2 Nf5 24. Kf2 Rd8 25. Bh3 g6 26. Bb2 Re4 27. Bf6
Rde8 28. Bxf5 gxf5 29. Bd4 Rc8 30. Rbc1 Kf8 31. Rc6 Re6 32. Ra1 Ke8 33. a5 Kd7
34. axb6 axb6 35. Ra7 d5 36. Rxb6 Ke8 37. Rbb7 Re7 38. b6 Kd8 39. Bf6 1-0

[Event "Top Jeunes"]
[Site "Montpellier"]
[Date "2010.11.21"]
[Round "3.8"]
[White "Barbe Asensio, Cyrielle"]
[Black "Marcenac, Delphine"]
[Result "1-0"]
[WhiteElo "1390"]
[BlackElo "1290"]
[PlyCount "69"]

1. b3 e5 2. Bb2 Nc6 3. e3 Bc5 4. Bb5 a6 5. Bxc6 dxc6 6. Bxe5 f6 7. Bb2 Bb6 8.
Nf3 c5 9. d4 Ne7 10. O-O O-O 11. dxc5 Bxc5 12. Nc3 Bf5 13. e4 Be6 14. Qxd8
Raxd8 15. Rad1 Rxd1 16. Rxd1 Bg4 17. Rd3 Nc6 18. h3 Bxf3 19. Rxf3 Nb4 20. Ne2
Nxa2 21. c3 Rd8 22. Nd4 Bxd4 23. cxd4 c6 24. Rd3 Nb4 25. Rd2 a5 26. Bc3 Na6 27.
Bxa5 Re8 28. f3 c5 29. d5 Re7 30. d6 Rd7 31. f4 Kf7 32. e5 b5 33. Re2 c4 34.
e6+ Kf8 35. exd7 1-0

[Event "Top Jeunes"]
[Site "Montpellier"]
[Date "2010.11.21"]
[Round "3.9"]
[White "Marcenac, Delphine"]
[Black "Willems, Niels"]
[Result "0-1"]
[WhiteElo "1290"]
[BlackElo "1670"]
[PlyCount "88"]

1. e4 c6 2. Nc3 d5 3. exd5 cxd5 4. Nf3 Nf6 5. d4 Bf5 6. Bb5+ Nc6 7. O-O a6 8.
Ba4 b5 9. Bb3 e6 10. a3 Bd6 11. Be3 Qc7 12. h3 h6 13. Re1 g5 14. g3 Bxh3 15.
Kh2 Bf5 16. Qe2 Ng4+ 17. Kg1 Nxe3 18. Qxe3 Bxg3 19. fxg3 Qxg3+ 20. Kf1 Bh3+ 21.
Ke2 Qg2+ 22. Qf2 g4 23. Qxg2 Bxg2 24. Nh4 Nxd4+ 25. Kd2 Nf3+ 26. Nxf3 Bxf3 27.
Rg1 h5 28. Rae1 h4 29. Bxd5 Rd8 30. Kc1 Bxd5 31. Nxd5 Rxd5 32. Rxg4 Rf5 33. Rd4
Rg5 34. Red1 Ke7 35. Rd7+ Kf6 36. Rf1+ Rf5 37. Rxf5+ exf5 38. b3 h3 39. Rd1 h2
40. Rh1 Kg5 41. c4 bxc4 42. bxc4 Kg4 43. c5 Kg3 44. c6 Kg2 0-1

[Event "Top Jeunes"]
[Site "Montpellier"]
[Date "2010.11.21"]
[Round "3.10"]
[White "Hebert, Floriane"]
[Black "Barbe Asensio, Cyrielle"]
[Result "1-0"]
[WhiteElo "1419"]
[BlackElo "1390"]
[PlyCount "105"]

1. e4 b6 2. Nc3 Bb7 3. Nf3 e6 4. Bc4 Bb4 5. O-O Bxc3 6. bxc3 Bxe4 7. d4 Bb7 8.
Bg5 Ne7 9. Re1 d5 10. Bb3 O-O 11. c4 Qd7 12. cxd5 Nxd5 13. Ne5 Qe8 14. Nd3 Nd7
15. Qg4 N7f6 16. Qg3 Nh5 17. Qh4 Nhf6 18. c4 Ne7 19. Bxf6 gxf6 20. Qxf6 Ng6 21.
d5 Rd8 22. Nf4 Nxf4 23. Qxf4 Qe7 24. dxe6 fxe6 25. Qg4+ Qg7 26. Qxg7+ Kxg7 27.
Rxe6 Rfe8 28. Rxe8 Rxe8 29. h4 Kh6 30. g3 Re2 31. Rf1 Kh5 32. Bd1 Bf3 33. Bxe2
Bxe2 34. Rc1 c5 35. a4 Kg4 36. a5 bxa5 37. Ra1 Bxc4 38. Ra4 Kf3 39. Rxc4 Ke2
40. Rxc5 a4 41. Ra5 Kd3 42. Rxa4 Kc3 43. f4 Kb3 44. Rxa7 Kc4 45. f5 Kd5 46. f6
Ke6 47. f7 Ke5 48. f8=Q Kd4 49. Re7 Kd5 50. Qd8+ Kc6 51. Rc7+ Kb6 52. Qb8+ Ka6
53. Ra7# 1-0

[Event "Top Jeunes"]
[Site "Montpellier"]
[Date "2010.11.21"]
[Round "3.1"]
[White "Fuhrmann, Valentin"]
[Black "Giroyan, Gary"]
[Result "0-1"]
[WhiteElo "1868"]
[BlackElo "2258"]
[PlyCount "50"]

1. d4 Nf6 2. c4 g6 3. Nc3 d5 4. Nf3 Bg7 5. Bg5 Ne4 6. cxd5 Nxg5 7. Nxg5 e6 8.
Nf3 exd5 9. b4 O-O 10. e3 Qd6 11. Qb3 c6 12. b5 Be6 13. bxc6 Nxc6 14. a3 Rac8
15. Nb5 Qe7 16. Bd3 Bg4 17. Be2 Bxf3 18. Bxf3 a6 19. Nc3 Nxd4 20. Nxd5 Qe5 21.
Qd1 Nxf3+ 22. gxf3 Qxa1 23. Qxa1 Bxa1 24. Ne7+ Kg7 25. Nxc8 Rxc8 0-1

[Event "Top Jeunes"]
[Site "Montpellier"]
[Date "2010.11.21"]
[Round "3.2"]
[White "Neri, Jean-Baptiste"]
[Black "Gelas, Christophe"]
[Result "0-1"]
[WhiteElo "2063"]
[BlackElo "2007"]
[PlyCount "46"]

1. e4 e6 2. d4 d5 3. Nc3 Bb4 4. e5 c5 5. a3 Bxc3+ 6. bxc3 Qc7 7. Bd2 Nc6 8. Nf3
Nge7 9. h4 Bd7 10. h5 h6 11. Rb1 O-O-O 12. Qc1 Na5 13. Qb2 Nc4 14. Bxc4 dxc4
15. dxc5 Bc6 16. Be3 Nf5 17. Bd4 Be4 18. Nd2 Bxg2 19. Rg1 Qc6 20. Nxc4 Qe4+ 21.
Ne3 Rxd4 22. cxd4 Nxe3 23. c4 Nxc4+ 0-1

[Event "Top Jeunes"]
[Site "Montpellier"]
[Date "2010.11.21"]
[Round "3.3"]
[White "Bandet, Raphael"]
[Black "Lamard, Guillaume"]
[Result "0-1"]
[WhiteElo "1764"]
[BlackElo "2152"]
[PlyCount "58"]

1. e4 e5 2. Nf3 Nc6 3. Bc4 Bc5 4. c3 Nf6 5. d4 exd4 6. cxd4 Bb4+ 7. Nc3 Nxe4 8.
O-O Bxc3 9. d5 Ne5 10. bxc3 Nxc4 11. Qd4 O-O 12. Qxe4 Nd6 13. Qd3 h6 14. Re1
Ne8 15. Nd4 d6 16. Qg3 Kh8 17. Re4 Nf6 18. Rh4 Nh7 19. Bd2 Qf6 20. c4 Bd7 21.
Bc3 Qg5 22. Ne2 Rae8 23. Nf4 Kg8 24. Nh5 Qxg3 25. hxg3 f6 26. Kf1 g6 27. Nxf6+
Nxf6 28. Rxh6 Kg7 29. Rh4 Rh8 0-1

[Event "Top Jeunes"]
[Site "Montpellier"]
[Date "2010.11.21"]
[Round "3.4"]
[White "Froment, Theophile"]
[Black "Dombre, Antoine"]
[Result "1-0"]
[WhiteElo "1877"]
[BlackElo "1625"]
[PlyCount "53"]

1. e4 c5 2. Nf3 g6 3. d4 cxd4 4. Nxd4 Bg7 5. c4 Nc6 6. Nc2 d6 7. Be2 Nf6 8. Nc3
O-O 9. O-O Bd7 10. Bd2 Rc8 11. Rc1 Ne5 12. Ne3 Bc6 13. f4 Ned7 14. Bf3 Nb6 15.
b3 Rc7 16. Qe1 Qc8 17. g4 Bd7 18. g5 Ne8 19. Qh4 f6 20. Ned5 Bh3 21. Nxc7 Bxf1
22. Nxe8 Bxc4 23. Nxg7 Bf7 24. Qh6 fxg5 25. Nd5 Qd8 26. Bc3 Bxd5 27. Ne6 1-0

[Event "Top Jeunes"]
[Site "Montpellier"]
[Date "2010.11.21"]
[Round "3.5"]
[White "Bianchi, Tobias"]
[Black "Meunier, Clement"]
[Result "0-1"]
[WhiteElo "1610"]
[BlackElo "1841"]
[PlyCount "80"]
[EventDate "21.??.??"]
[WhiteTeam "Grenoble"]
[BlackTeam "Cannes"]

1. d4 Nf6 2. c4 c5 3. e3 g6 4. Nc3 Bg7 5. Nf3 O-O 6. Be2 d6 7. O-O Bg4 8. h3
Bf5 9. Bd3 Bxd3 10. Qxd3 Nbd7 11. b3 a6 12. Bb2 Qa5 13. Ne4 Rfe8 14. Bc3 Qc7
15. Nfd2 Rad8 16. Rfd1 Nxe4 17. Nxe4 h6 18. Rac1 f5 19. Ng3 e5 20. d5 e4 21.
Qd2 Ne5 22. Ne2 g5 23. Bxe5 Bxe5 24. g3 Kh7 25. Kg2 Rg8 26. Rh1 Qe7 27. Rcg1
Rdf8 28. Kf1 b5 29. h4 g4 30. Kg2 b4 31. Nf4 Bxf4 32. exf4 a5 33. Re1 Ra8 34.
Ra1 a4 35. Rhb1 Ra7 36. Qb2 Rga8 37. a3 axb3 38. axb4 e3 39. Rxa7 Rxa7 40. fxe3
Ra2 0-1

[Event "Top Jeunes"]
[Site "Montpellier"]
[Date "2010.11.21"]
[Round "3.6"]
[White "Raynaud, Jean-Philippe"]
[Black "Lavault, Jeremie"]
[Result "1-0"]
[WhiteElo "1620"]
[BlackElo "1460"]
[PlyCount "87"]

1. d4 Nf6 2. c4 e6 3. Nc3 Bb4 4. Qc2 O-O 5. a3 Bxc3+ 6. Qxc3 b6 7. Bg5 Bb7 8.
Qg3 Ne4 9. Bxd8 Nxg3 10. hxg3 Rxd8 11. Nf3 c5 12. dxc5 bxc5 13. e3 f5 14. Bd3
Rf8 15. O-O-O d5 16. Ng5 dxc4 17. Bxc4 h6 18. Bxe6+ Kh8 19. Nf7+ Kh7 20. Bxf5+
g6 21. Be6 h5 22. g4 Bxg2 23. Rh2 Bf3 24. Ng5+ Kh6 25. Nxf3 Rxf3 26. Bd5 Rf8
27. Bxa8 Kg7 28. gxh5 gxh5 29. Rxh5 Rxf2 30. Rxc5 Kf6 31. Rd6+ Ke7 32. Rd2 Rf1+
33. Rd1 Rf2 34. Rc7+ Ke6 35. Rxa7 Re2 36. e4 Re3 37. Bd5+ Ke5 38. Re7+ Kd6 39.
Re6+ Kc5 40. b4+ Kb5 41. Kc2 Rxa3 42. Rd3 Rxd3 43. Kxd3 Kxb4 44. Rb6+ 1-0

[Event "Top Jeunes"]
[Site "Montpellier"]
[Date "2010.11.21"]
[Round "3.7"]
[White "Lavault, Samuel"]
[Black "Bergougnoux, Axel"]
[Result "1-0"]
[WhiteElo "1520"]
[BlackElo "1360"]
[PlyCount "89"]

1. e4 d5 2. exd5 Nf6 3. Nc3 Nxd5 4. d4 Bf5 5. Bd2 c6 6. Nf3 e6 7. Bc4 Bb4 8.
O-O O-O 9. Rb1 Nd7 10. Nxd5 cxd5 11. Bxb4 Re8 12. Bd3 Qf6 13. Bd2 Qg6 14. Qe2
Nf6 15. Nh4 Qh5 16. Nxf5 exf5 17. Qxh5 Nxh5 18. Bxf5 Re2 19. Be3 g6 20. Bd3
Rxe3 21. fxe3 Re8 22. Rbe1 Ng7 23. Bb5 Rc8 24. c3 Nf5 25. Bd7 Rc7 26. Bxf5 gxf5
27. Rxf5 Rd7 28. Ref1 b5 29. a3 a5 30. Rf6 b4 31. cxb4 axb4 32. Ra6 bxa3 33.
Rxa3 Rc7 34. b4 Kf8 35. Rb3 Ke8 36. b5 Kd8 37. b6 Rb7 38. Rc1 Kd7 39. Rc5 Kd6
40. Kf2 Ke6 41. Rc7 Rxc7 42. bxc7 Kd7 43. Rc3 Kc8 44. g4 f6 45. Kf3 1-0

[Event "Top Jeunes"]
[Site "Montpellier"]
[Date "2010.11.21"]
[Round "3.8"]
[White "Lary, Damien"]
[Black "Mautin, Arthur"]
[Result "0-1"]
[WhiteElo "1410"]
[BlackElo "1430"]
[PlyCount "52"]

1. e4 c6 2. d4 d5 3. Nc3 dxe4 4. Nxe4 Bf5 5. Ng3 Bg6 6. Nf3 Nf6 7. c3 Nbd7 8.
Be2 e6 9. O-O Bd6 10. Be3 O-O 11. b3 Qc7 12. Nh4 Rfe8 13. Nxg6 hxg6 14. c4 c5
15. dxc5 Nxc5 16. Bxc5 Bxc5 17. Bf3 Rab8 18. Qc2 b6 19. Qc3 Rbd8 20. Rad1 Qf4
21. Bc6 Rxd1 22. Rxd1 Qxf2+ 23. Kh1 Qf4 24. Bxe8 Qg4 25. Bc6 Qxd1+ 26. Nf1
Qxf1# 0-1

[Event "Top Jeunes"]
[Site "Montpellier"]
[Date "2010.11.21"]
[Round "3.9"]
[White "Mautin, Arthur"]
[Black "Lavault, Samuel"]
[Result "1/2-1/2"]
[WhiteElo "1430"]
[BlackElo "1520"]
[PlyCount "153"]
[EventDate "21.??.??"]
[WhiteTeam "Cannes"]
[BlackTeam "Grenoble"]

1. d4 e6 2. c4 Nf6 3. Nc3 Bb4 4. Qc2 Nc6 5. Bg5 Nxd4 6. Qd3 Bxc3+ 7. Qxc3 Nc6
8. Bxf6 Qxf6 9. Qxf6 gxf6 10. Nf3 b6 11. e3 Bb7 12. Be2 O-O-O 13. O-O Rhg8 14.
Rfd1 Rg7 15. g3 Ba6 16. Rab1 d5 17. b4 Bxc4 18. Bxc4 dxc4 19. b5 Na5 20. Rbc1
Rd5 21. Nd4 Rgg5 22. Nc6 Nxc6 23. bxc6 Rc5 24. Rd4 c3 25. Rc2 Rxc6 26. Rh4 h5
27. Ra4 a5 28. Ra3 Rgc5 29. Kg2 Kd7 30. Kf3 Rc4 31. e4 e5 32. Ke2 Kd6 33. f4
R6c5 34. h3 Kc6 35. g4 hxg4 36. hxg4 Kb5 37. Kd3 Kb4 38. Rb3+ Ka4 39. fxe5 fxe5
40. g5 b5 41. Rb1 Rd4+ 42. Ke3 Rcc4 43. Rg1 Rxe4+ 44. Kf3 Rf4+ 45. Ke3 Rce4+
46. Kd3 Rd4+ 47. Ke3 Rg4 48. Rf1 Rg3+ 49. Rf3 Rxf3+ 50. Kxf3 b4 51. Re2 e4+ 52.
Kf4 Rd2 53. Rxe4 c2 54. Rc4 Kb5 55. Rxc7 a4 56. Kf5 b3 57. axb3 axb3 58. Kf6
Rf2+ 59. Kg7 b2 60. Rb7+ Kc6 61. Rxb2 c1=Q 62. Rxf2 Qxg5+ 63. Kxf7 Qd5+ 64. Kg6
Qd3+ 65. Rf5 Kd6 66. Kg5 Qe3+ 67. Kg4 Qe4+ 68. Rf4 Qg6+ 69. Kf3 Qh5+ 70. Ke3
Qc5+ 71. Kf3 Qc3+ 72. Kg4 Qc8+ 73. Kf3 Qc6+ 74. Kg4 Qg2+ 75. Kf5 Kd5 76. Rg4
Qc2+ 77. Kf4 1/2-1/2

[Event "Top Jeunes"]
[Site "Montpellier"]
[Date "2010.11.21"]
[Round "3.10"]
[White "Bergougnoux, Axel"]
[Black "Lary, Damien"]
[Result "1-0"]
[WhiteElo "1360"]
[BlackElo "1410"]
[PlyCount "120"]

1. e4 e5 2. Nf3 Nc6 3. Nc3 Nf6 4. d4 exd4 5. Nxd4 Bc5 6. Be3 Nxd4 7. Bxd4 Bb4
8. Bc4 Nxe4 9. Qe2 Qe7 10. O-O Nxc3 11. Qxe7+ Bxe7 12. Bxg7 Rg8 13. Bxc3 b6 14.
Rfe1 Kf8 15. Rad1 Bb7 16. Bf1 f6 17. Rxd7 Bd6 18. Rxh7 Rg6 19. b4 Kg8 20. Rh4
Kg7 21. f3 Rh8 22. Rxh8 Kxh8 23. Bd3 Rh6 24. h3 Rh5 25. Bxf6+ Kg8 26. Be4 Bxe4
27. Rxe4 Rd5 28. h4 Bxb4 29. h5 Bf8 30. Rh4 Rd1+ 31. Kh2 Rc1 32. h6 Kh7 33. c3
Ra1 34. a4 Re1 35. Bg5 Re5 36. Bf4 Re6 37. Bxc7 Bxh6 38. f4 Kg6 39. Bb8 a5 40.
Bc7 Rc6 41. Be5 Bg7 42. Bxg7 Kxg7 43. Rg4+ Kf6 44. Kh3 Rxc3+ 45. Kh4 Ra3 46.
Kh5 Rxa4 47. Rg6+ Kf5 48. Rxb6 Kxf4 49. g4 Ke5 50. g5 Kf5 51. Rb5+ Ke6 52. g6
Kf6 53. Rb6+ Kg7 54. Rb7+ Kf6 55. g7 Rb4 56. Rxb4 Kxg7 57. Ra4 Kf6 58. Rxa5 Kg7
59. Kg5 Kf7 60. Kf5 Ke7 1-0

[Event "Top Jeunes"]
[Site "Créteil"]
[Date "2010.11.21"]
[Round "3.1"]
[White "Aflalo, Sophie"]
[Black "Loiseau, Quentin"]
[Result "1-0"]
[WhiteElo "2031"]
[BlackElo "2219"]
[PlyCount "67"]
[EventDate "21.??.??"]
[WhiteTeam "A.E.C.E."]
[BlackTeam "Créteil"]

1. e4 e5 2. Nf3 Nc6 3. d4 exd4 4. Nxd4 Bc5 5. Be3 Qf6 6. c3 Nge7 7. Bc4 b6 8.
O-O Bb7 9. f4 O-O-O 10. Qd2 Bxd4 11. cxd4 d5 12. e5 Qe6 13. Be2 h5 14. b4 Nf5
15. Bf2 Nce7 16. b5 Qh6 17. a4 f6 18. Rc1 Kb8 19. a5 fxe5 20. Qc3 c5 21. dxc5
d4 22. Qa3 bxc5 23. Qxc5 Qxf4 24. Qc7+ Ka8 25. a6 Bd5 26. Nc3 Rc8 27. Nxd5 Rxc7
28. Nxf4 Rxc1+ 29. Rxc1 exf4 30. Rc7 Kb8 31. Rb7+ Kc8 32. Rxa7 Rh6 33. Bf3 Rd6
34. Rxe7 1-0

[Event "Top Jeunes"]
[Site "Créteil"]
[Date "2010.11.21"]
[Round "3.3"]
[White "Stark, Gabriel"]
[Black "Pruvot, Louis"]
[Result "1-0"]
[WhiteElo "1778"]
[BlackElo "1898"]
[PlyCount "89"]
[EventDate "21.??.??"]
[WhiteTeam "A.E.C.E."]
[BlackTeam "Créteil"]

1. d4 d5 2. c4 e6 3. Nc3 c6 4. a4 Bd6 5. Nf3 f5 6. e3 Nf6 7. Be2 O-O 8. O-O Ne4
9. Nd2 Nd7 10. f3 Qh4 11. f4 Ndf6 12. Nf3 Qh6 13. Ne5 Nxc3 14. bxc3 Ne4 15. Bb2
g5 16. cxd5 exd5 17. c4 Be6 18. cxd5 Bxd5 19. Bf3 gxf4 20. Bxe4 fxe4 21. Qg4+
Qg7 22. Qxg7+ Kxg7 23. Rxf4 Rxf4 24. exf4 Kf6 25. g3 Kf5 26. Kf2 h5 27. Ke3 a5
28. Ba3 b5 29. Bxd6 b4 30. h3 Rg8 31. g4+ hxg4 32. hxg4+ Ke6 33. Bc7 Rh8 34.
f5+ Kf6 35. Kf4 Rh2 36. g5+ Ke7 37. f6+ Ke6 38. f7 b3 39. Kg3 Rh8 40. Ng6 b2
41. Rb1 Rc8 42. f8=Q Rxf8 43. Nxf8+ Kf7 44. Rxb2 Kxf8 45. Rf2+ 1-0

[Event "Top Jeunes"]
[Site "Créteil"]
[Date "2010.11.21"]
[Round "3.4"]
[White "Mohammad, Fahim"]
[Black "Letheux, Mathias"]
[Result "1-0"]
[WhiteElo "1866"]
[BlackElo "1374"]
[PlyCount "85"]
[EventDate "21.??.??"]
[WhiteTeam "Créteil"]
[BlackTeam "A.E.C.E."]

1. d4 Nf6 2. Nf3 g6 3. c4 Bg7 4. Nc3 O-O 5. e4 d6 6. h3 c5 7. d5 e6 8. Be2 exd5
9. cxd5 a6 10. a4 Re8 11. Qc2 Qe7 12. Bg5 Nbd7 13. O-O h6 14. Bxf6 Nxf6 15. Bd3
Bd7 16. Rfe1 Qd8 17. Nd2 Re7 18. Nc4 Be8 19. a5 Rb8 20. Rad1 Bb5 21. Nb6 Bxd3
22. Rxd3 Nd7 23. Nxd7 Qxd7 24. f4 f5 25. Rdd1 Rbe8 26. Kh2 Qc7 27. Ra1 h5 28.
Qd3 Bh6 29. g3 Bg7 30. e5 b6 31. axb6 Qxb6 32. Rxa6 Qxb2+ 33. Re2 Qb7 34. Rxd6
Qb4 35. Rxg6 c4 36. Qc2 Kh7 37. Rg5 Kg8 38. Rxh5 Qb3 39. Rxf5 Qxc2 40. Rxc2 Rb8
41. Ne2 Reb7 42. Rxc4 Rb2 43. Re4 1-0

[Event "Top Jeunes"]
[Site "Créteil"]
[Date "2010.11.21"]
[Round "3.5"]
[White "Stark, Antoine"]
[Black "Amghar, Ismael"]
[Result "1-0"]
[WhiteElo "1675"]
[BlackElo "1600"]
[PlyCount "45"]
[EventDate "21.??.??"]
[WhiteTeam "A.E.C.E."]
[BlackTeam "Créteil"]

1. d4 Nf6 2. c4 g6 3. Nc3 Bg7 4. e4 d6 5. f4 O-O 6. Nf3 e5 7. fxe5 dxe5 8. d5
Bg4 9. Be2 Nbd7 10. b4 Ne8 11. Bg5 f6 12. Bh4 Bh6 13. O-O Be3+ 14. Kh1 Bxf3 15.
Rxf3 Bd4 16. Rc1 Bxc3 17. Rcxc3 Qe7 18. c5 Ng7 19. Bf2 f5 20. exf5 Rxf5 21. Bc4
Raf8 22. d6+ Kh8 23. dxe7 1-0

[Event "Top Jeunes"]
[Site "Créteil"]
[Date "2010.11.21"]
[Round "3.6"]
[White "Chevalier, Ezio"]
[Black "Le Cour, Hugo"]
[Result "1/2-1/2"]
[WhiteElo "1640"]
[BlackElo "1372"]
[PlyCount "112"]
[EventDate "21.??.??"]
[WhiteTeam "Créteil"]
[BlackTeam "A.E.C.E."]

1. d4 Nf6 2. c4 g6 3. Nc3 Bg7 4. e4 d6 5. f3 O-O 6. Bg5 c5 7. d5 e6 8. Qd2 exd5
9. cxd5 Nbd7 10. Nge2 Re8 11. g4 Ne5 12. Bg2 a6 13. a4 Qc7 14. Ng3 Nfd7 15. h4
Nc4 16. Qc1 Nde5 17. Ke2 Qb6 18. Rb1 Qb3 19. h5 Bd7 20. hxg6 fxg6 21. Qd1 Qb4
22. Qc2 Rf8 23. b3 Na3 24. Qd2 Nxb1 25. Rxb1 Rf7 26. Qc2 Raf8 27. Na2 Qb6 28.
Rf1 Nxf3 29. Bxf3 Rxf3 30. Rxf3 Bxg4 31. Ke1 Rxf3 32. Nf1 Qa5+ 33. Nd2 Rf7 34.
Qd3 Rf3 35. Qc2 Bd4 36. b4 cxb4 37. Nxf3 b3+ 38. Bd2 bxc2 39. Bxa5 Bxf3 40. Kd2
Bxe4 41. Nb4 Bc3+ 42. Kc1 Bxb4 43. Bxb4 Bxd5 44. Bxd6 Bb3 45. a5 h5 46. Bf4 Kg7
47. Kb2 Bd5 48. Kxc2 Bc6 49. Kd3 Kf6 50. Ke3 g5 51. Bc7 Kf5 52. Kf2 g4 53. Kg3
Kg5 54. Bd8+ Kg6 55. Kh4 Be8 56. Bc7 Kf5 1/2-1/2

[Event "Top Jeunes"]
[Site "Créteil"]
[Date "2010.11.21"]
[Round "3.7"]
[White "Coulet, Arthur"]
[Black "Le, Quan Anh"]
[Result "1-0"]
[WhiteElo "1325"]
[BlackElo "1420"]
[PlyCount "159"]
[EventDate "21.??.??"]
[WhiteTeam "A.E.C.E."]
[BlackTeam "Créteil"]

1. d4 d5 2. c4 e6 3. Nc3 Nf6 4. cxd5 exd5 5. Bg5 Nbd7 6. e3 Be7 7. Bd3 O-O 8.
Nf3 Re8 9. O-O Nf8 10. Qc2 Ng6 11. Rfe1 Ne4 12. Bxe7 Rxe7 13. Nxe4 dxe4 14.
Bxe4 Qe8 15. Bd5 c6 16. Bb3 Be6 17. Bxe6 Rxe6 18. Rad1 Rd8 19. Qa4 a6 20. Qb3
Rd7 21. Ng5 Ree7 22. e4 h6 23. Nf3 Rxe4 24. a3 Rxe1+ 25. Rxe1 Re7 26. Rd1 Nh4
27. Ne5 Kh8 28. h3 f6 29. Nd3 Qg6 30. Nf4 Qe4 31. g3 Nf3+ 32. Kf1 Kh7 33. Qd3
Qxd3+ 34. Rxd3 Ng5 35. a4 b5 36. axb5 axb5 37. b4 Ne6 38. Re3 Nxf4 39. Rxe7
Nxh3 40. Rc7 Ng5 41. Rxc6 Nf3 42. Rb6 Nxd4 43. f4 Kg6 44. Kf2 Kf5 45. Ke3 Nc2+
46. Kf3 Nd4+ 47. Ke3 Nc2+ 48. Kf2 Nd4 49. Ke1 Ke4 50. Kd2 Nf5 51. Rxb5 Nxg3 52.
Rb8 Kxf4 53. b5 Ne4+ 54. Kc2 g5 55. b6 Nd6 56. Rc8 g4 57. Rd8 Nb7 58. Rd7 Nc5
59. Rc7 Na6 60. b7 g3 61. Rc6 Nb8 62. Rxf6+ Kg4 63. Rf8 Na6 64. Rg8+ Kh3 65.
Rg6 Nb8 66. Rxh6+ Kg4 67. Rh8 Nd7 68. Rg8+ Kf4 69. Rd8 g2 70. Rxd7 g1=Q 71.
b8=Q+ Ke4 72. Qe8+ Kf3 73. Rf7+ Kg2 74. Qg8+ Kh1 75. Rh7+ Qh2+ 76. Rxh2+ Kxh2
77. Kd3 Kh3 78. Ke4 Kh2 79. Kf3 Kh1 80. Qg2# 1-0

[Event "Top Jeunes"]
[Site "Créteil"]
[Date "2010.11.21"]
[Round "3.8"]
[White "Coulet, Axel"]
[Black "Legros, Aymeric"]
[Result "0-1"]
[WhiteElo "1190"]
[BlackElo "1370"]
[PlyCount "68"]
[EventDate "21.??.??"]
[WhiteTeam "A.E.C.E."]
[BlackTeam "Créteil"]

1. d4 d5 2. c4 e6 3. Nc3 Nf6 4. e3 Nbd7 5. Be2 c6 6. Nf3 Bb4 7. Bd2 O-O 8. O-O
Qc7 9. Qc2 Re8 10. Bd3 e5 11. dxe5 Nxe5 12. Ng5 Nxd3 13. Qxd3 Bxc3 14. Bxc3 Re6
15. Bxf6 Rxf6 16. Qxh7+ Kf8 17. Qh8+ Ke7 18. Rad1 b6 19. cxd5 Rh6 20. d6+ Rxd6
21. Rxd6 Qxd6 22. Qh4 Qf6 23. e4 Bb7 24. e5 Qg6 25. Ne4+ Kd7 26. Rd1+ Ke6 27.
Qf4 Qh5 28. Rd6+ Ke7 29. g4 Qh7 30. Ng5 Qb1+ 31. Kg2 c5+ 32. Kh3 Qf1+ 33. Kh4
Rh8+ 34. Kg3 Qg2# 0-1

[Event "Top Jeunes"]
[Site "Créteil"]
[Date "2010.11.21"]
[Round "3.9"]
[White "Legros, Aymeric"]
[Black "Coulet, Arthur"]
[Result "1-0"]
[WhiteElo "1370"]
[BlackElo "1325"]
[PlyCount "47"]
[EventDate "21.??.??"]
[WhiteTeam "Créteil"]
[BlackTeam "A.E.C.E."]

1. d4 Nf6 2. c4 g6 3. Nc3 Bg7 4. e4 d6 5. Nf3 O-O 6. Bd3 c5 7. d5 e5 8. dxe6
fxe6 9. Bg5 h6 10. Bd2 d5 11. cxd5 exd5 12. exd5 Re8+ 13. Ne2 Nxd5 14. Bxg6 Re6
15. Bf5 Re8 16. Bxc8 Nc3 17. Qb3+ Kh8 18. bxc3 Qxc8 19. Rb1 c4 20. Qxb7 Qe6 21.
O-O Qxe2 22. Rfe1 Qxd2 23. Rxe8+ Kh7 24. Qe4# 1-0

[Event "Top Jeunes"]
[Site "Créteil"]
[Date "2010.11.21"]
[Round "3.10"]
[White "Le, Quan Anh"]
[Black "Coulet, Axel"]
[Result "1-0"]
[WhiteElo "1420"]
[BlackElo "1190"]
[PlyCount "121"]
[EventDate "21.??.??"]
[WhiteTeam "Créteil"]
[BlackTeam "A.E.C.E."]

1. d4 Nf6 2. c4 g6 3. Nc3 Bg7 4. e4 d6 5. f3 O-O 6. Bg5 c5 7. d5 e6 8. Nge2
exd5 9. Nxd5 Nbd7 10. Qd2 Re8 11. Nxf6+ Nxf6 12. Nf4 Re5 13. Nd3 Re8 14. g4 Be6
15. b3 Qc7 16. h4 Nd7 17. h5 Bxa1 18. hxg6 fxg6 19. Qh2 Bc3+ 20. Kd1 Nb6 21. b4
cxb4 22. c5 dxc5 23. Qxc7 Nd7 24. Qh2 Nf8 25. Bh6 Re7 26. Bxf8 Rxf8 27. Qd6
Rff7 28. Qd8+ Kg7 29. Qa5 b6 30. Qa4 Rxf3 31. Qc2 Bxg4 32. Kc1 Rxe4 33. Bg2 Bd4
34. Bxf3 Be3+ 35. Kb2 Bd4+ 36. Kb1 Bxf3 37. Re1 Rxe1+ 38. Nxe1 Kf6 39. Nxf3 Be3
40. Qe2 Bf4 41. Qf2 g5 42. Nd2 a5 43. Ne4+ Kf5 44. Nxc5 bxc5 45. Qxc5+ Be5 46.
Qxa5 g4 47. Qxb4 g3 48. Qc5 g2 49. Qf2+ Bf4 50. Qxg2 h5 51. a4 h4 52. Qd5+ Be5
53. Qg2 Bg3 54. a5 Kg4 55. a6 h3 56. Qh1 h2 57. a7 Bf2 58. a8=Q Bg1 59. Qf8 Kg3
60. Qhf3+ Kh4 61. Qh6# 1-0

[Event "Top Jeunes"]
[Site "Créteil"]
[Date "2010.11.21"]
[Round "3.1"]
[White "Martin, Axel"]
[Black "Gueriche, Guillaume"]
[Result "1/2-1/2"]
[WhiteElo "1952"]
[BlackElo "2055"]
[PlyCount "58"]
[EventDate "21.??.??"]
[WhiteTeam "Saint Mandé"]
[BlackTeam "Lyon"]

1. e4 c5 2. Nf3 d6 3. d4 cxd4 4. Nxd4 Nf6 5. Nc3 g6 6. Be3 Bg7 7. f3 Nc6 8. Qd2
O-O 9. Bc4 Bd7 10. O-O-O Rb8 11. h4 b5 12. Bb3 a5 13. Nxc6 Bxc6 14. h5 a4 15.
Bd5 b4 16. Ne2 Bxd5 17. exd5 b3 18. cxb3 axb3 19. Kb1 bxa2+ 20. Ka1 Nxd5 21.
Bd4 e5 22. Ba7 Rb5 23. hxg6 hxg6 24. Nc3 Nxc3 25. Qxc3 d5 26. f4 Qa8 27. Qh3
Rd8 28. Bf2 Rdb8 29. f5 Qa6 1/2-1/2

[Event "Top Jeunes"]
[Site "Créteil"]
[Date "2010.11.21"]
[Round "3.2"]
[White "Malka, Samuel"]
[Black "Grigorian, Roudolph"]
[Result "1-0"]
[WhiteElo "1966"]
[BlackElo "1888"]
[PlyCount "41"]
[EventDate "21.??.??"]
[WhiteTeam "Lyon"]
[BlackTeam "Saint Mandé"]

1. d4 Nf6 2. c4 g6 3. Nc3 Bg7 4. e4 d6 5. Nf3 O-O 6. Be2 e5 7. Be3 Nbd7 8. d5
Nh5 9. g3 Nhf6 10. Nd2 Ne8 11. g4 f5 12. gxf5 gxf5 13. exf5 Nb8 14. Bd3 Bxf5
15. Bxf5 Rxf5 16. Nde4 Qh4 17. Qd3 Qg4 18. Kd2 Nf6 19. Rag1 Nxe4+ 20. Nxe4 Qh5
21. Ng3 1-0

[Event "Top Jeunes"]
[Site "Créteil"]
[Date "2010.11.21"]
[Round "3.3"]
[White "Rodriguez, Adrien"]
[Black "Caslani, Nicolas"]
[Result "1-0"]
[WhiteElo "1859"]
[BlackElo "1698"]
[PlyCount "65"]
[EventDate "21.??.??"]
[WhiteTeam "Saint Mandé"]
[BlackTeam "Lyon"]

1. d4 Nf6 2. Nf3 g6 3. c4 Bg7 4. Nc3 d5 5. Bg5 c6 6. e3 O-O 7. Be2 Bg4 8. O-O
dxc4 9. Bxc4 Nd5 10. h3 Be6 11. Qe2 Nxc3 12. bxc3 Bxc4 13. Qxc4 Nd7 14. Qb4 f6
15. Bf4 Nb6 16. c4 Qd7 17. Rfd1 Rfe8 18. d5 cxd5 19. cxd5 Bf8 20. Qb3 Kh8 21.
e4 e5 22. Be3 Na4 23. Rac1 b6 24. Rc6 Nc5 25. Bxc5 Bxc5 26. Rxf6 Kg7 27. Re6
Qf7 28. Rd2 Qf4 29. Qa4 Rec8 30. Qd7+ Kg8 31. Rc6 Re8 32. d6 Qxe4 33. Rc7 1-0